[Event "AUT-chT U18 rapid"]
[Site "Vienna"]
[Date "2023.10.29"]
[Round "1.5"]
[White "Chen, Chicheng Leon"]
[Black "Wielander, Magdalena"]
[Result "1-0"]
[WhiteElo "1363"]
[BlackElo "1200"]
[PlyCount "99"]
[EventDate "2023.10.29"]
[EventType "team-swiss"]
[EventRounds "7"]
[EventCountry "AUT"]
[SourceTitle "Mega2024 Update 01"]
[Source "Chessbase"]
[SourceDate "2023.11.12"]
[SourceVersion "1"]
[SourceVersionDate "2023.11.12"]
[SourceQuality "1"]
[WhiteTeam "Steiermark U18"]
[BlackTeam "Vorarlberg U18"]
[WhiteTeamCountry "AUT"]
[BlackTeamCountry "AUT"]

1. e4 e5 2. Nf3 Nc6 3. Bc4 Nf6 4. Ng5 d5 5. exd5 Na5 6. d3 Nxc4 7. dxc4 h6 8. Nf3 Bg4 9. h3 Bh5 10. g4 Bg6 11. Nxe5 Be4 12. f3 Qe7 13. Bf4 g5 14. Bg3 Nd7 15. Qe2 Nxe5 16. Bxe5 Qxe5 17. Qxe4 Bg7 18. Qxe5+ Bxe5 19. c3 Bg3+ 20. Kf1 0-0-0 21. Kg2 Bf4 22. Na3 Rhe8 23. Rhe1 Bd6 24. Nc2 Re7 25. Rxe7 Bxe7 26. Re1 Bc5 27. b4 Bd6 28. Nd4 a6 29. Nf5 Bf8 30. Re4 Kd7 31. Kf2 c6 32. a3 cxd5 33. cxd5 Kc7 34. c4 Kb6 35. d6 Kc6 36. c5 b6 37. Nd4+ Kb7 38. c6+ Kc8 39. d7+ Kc7 40. Re8 Rxe8 41. dxe8Q Kd6 42. Qxf8+ Kd5 43. Qd8+ Kc4 44. c7 Kd3 45. Nb3+ Kc2 46. c8R+ Kxb3 47. Qd3+ Ka4 48. Rc3 b5 49. Qd6 f5 50. Qxa6# 1-0

[Event "AUT-ch U16/18 Girls"]
[Site "St Veit"]
[Date "2023.04.04"]
[Round "5"]
[White "Wielander, Magdalena"]
[Black "Kurjakovic, Amela"]
[Result "1-0"]
[WhiteElo "1171"]
[BlackElo "800"]
[PlyCount "47"]
[EventDate "2023.04.02"]
[EventType "swiss"]
[EventRounds "7"]
[EventCountry "AUT"]
[SourceTitle "EXT 2024"]
[Source "ChessBase"]
[SourceDate "2023.10.10"]
[SourceVersion "1"]
[SourceVersionDate "2023.10.10"]
[SourceQuality "1"]

1. e4 e5 2. Nf3 Nc6 3. Bc4 Nf6 4. d4 exd4 5. 0-0 Bc5 6. e5 d5 7. exf6 dxc4 8. Re1+ Be6 9. Ng5 0-0 10. Qh5 h6 11. Nxe6 fxe6 12. fxg7 Rf7 13. Qxc5 Qf6 14. f3 Qxg7 15. Na3 Rxf3 16. Qxc4 Raf8 17. Qxe6+ R8f7 18. Bxh6 Qf6 19. Qg4+ Kh7 20. Qxf3 Qxh6 21. Qxf7+ Qg7 22. Qxg7+ Kxg7 23. Rad1 Kf6 24. Nb5 1-0

[Event "AUT-chT (Women) 2122"]
[Site "Austria"]
[Date "2022.03.25"]
[Round "5.3"]
[White "Exler, Veronika"]
[Black "Wielander, Magdalena"]
[Result "1-0"]
[WhiteElo "2113"]
[BlackElo "1178"]
[PlyCount "27"]
[EventDate "2021.11.06"]
[EventType "team-tourn"]
[EventRounds "9"]
[EventCountry "AUT"]
[SourceTitle "EXT 2023"]
[Source "ChessBase"]
[SourceDate "2022.10.05"]
[SourceVersion "1"]
[SourceVersionDate "2022.10.05"]
[SourceQuality "1"]
[WhiteTeam "Wulkaprodersdorf (W)"]
[BlackTeam "Dornbirn (W)"]
[WhiteTeamCountry "AUT"]
[BlackTeamCountry "AUT"]

1. e4 e6 2. d4 d5 3. Bd3 c5 4. exd5 exd5 5. Qe2+ Be6 6. Nf3 Nc6 7. 0-0 Qe7 8. Bg5 f6 9. Re1 Nxd4 10. Nxd4 cxd4 11. Bd2 Bf7 12. Qg4 Be6 13. Rxe6 h5 14. Rxe7+ 1-0

[Event "AUT-ch U14 Girls"]
[Site "St Veit"]
[Date "2021.10.27"]
[Round "5.1"]
[White "Wielander, Magdalena"]
[Black "Deak Sala, Emilia"]
[Result "0-1"]
[WhiteElo "1186"]
[BlackElo "1728"]
[PlyCount "92"]
[EventDate "2021.10.25"]
[EventType "swiss"]
[EventRounds "7"]
[EventCountry "AUT"]
[SourceTitle "EXT 2023"]
[Source "ChessBase"]
[SourceDate "2022.10.05"]
[SourceVersion "1"]
[SourceVersionDate "2022.10.05"]
[SourceQuality "1"]

1. e4 c5 2. c3 Nf6 3. e5 Nd5 4. Nf3 Nc6 5. d4 cxd4 6. cxd4 d6 7. exd6 Qxd6 8. Nc3 a6 9. Bc4 Nb6 10. Bb3 Bg4 11. a3 e6 12. Be3 Rd8 13. d5 Nxd5 14. Nxd5 exd5 15. Qe2 Be7 16. 0-0 Ne5 17. Rad1 Nxf3+ 18. gxf3 Bh3 19. Kh1 Bxf1 20. Qxf1 Qf6 21. Qe2 d4 22. Bc1 0-0 23. Qe4 Rfe8 24. Qxb7 Rb8 25. Qd5 Red8 26. Qc4 Qxf3+ 27. Kg1 Qxb3 28. Qxb3 Rxb3 29. f3 d3 30. Kf2 Bc5+ 31. Kg3 d2 32. Rxd2 Rxd2 33. Bxd2 Rxb2 34. Bb4 Bxb4 35. axb4 Rxb4 36. Kf2 a5 37. Ke1 a4 38. Kd2 a3 39. Kc3 Rb6 40. Kc4 a2 41. Kc5 Rb2 42. Kc4 a1Q 43. Kd3 Qd1+ 44. Kc3 Rc2+ 45. Kb4 Qb1+ 46. Ka5 Ra2# 0-1

[Event "EU Union-ch U12 17th"]
[Site "Mureck"]
[Date "2019.08.07"]
[Round "8"]
[White "Komora, Matej"]
[Black "Wielander, Magdalena"]
[Result "1-0"]
[WhiteElo "1237"]
[BlackElo "1182"]
[PlyCount "91"]
[EventDate "2019.07.31"]
[EventType "swiss"]
[EventRounds "9"]
[EventCountry "AUT"]
[SourceTitle "EXT 2020"]
[Source "ChessBase"]
[SourceDate "2019.10.17"]
[SourceVersion "1"]
[SourceVersionDate "2019.10.17"]
[SourceQuality "1"]

1. e4 e5 2. Nf3 Nc6 3. Bc4 Bc5 4. c3 Nf6 5. d4 exd4 6. cxd4 Bb4+ 7. Bd2 Bxd2+ 8. Nbxd2 d5 9. exd5 Nxd5 10. Qb3 Na5 11. Qa4+ Nc6 12. Bb5 Bd7 13. Qb3 a6 14. Qxd5 axb5 15. Ne5 Qe7 16. 0-0 Nxe5 17. dxe5 Bc6 18. Qb3 Qg5 19. Nf3 Bxf3 20. Qxf3 0-0 21. Rfe1 Qd2 22. Re2 Qh6 23. Qxb7 c6 24. a3 Ra4 25. e6 fxe6 26. Qxc6 Qf6 27. Qxe6+ Qxe6 28. Rxe6 b4 29. Kf1 Rfa8 30. Re3 bxa3 31. Rexa3 Rxa3 32. bxa3 Kf7 33. Ra2 Ke6 34. Ke2 Kd5 35. Kf3 Kc4 36. a4 Kb4 37. a5 Rxa5 38. Rxa5 Kxa5 39. Ke4 Kb4 40. Ke5 Kc3 41. Ke6 Kd2 42. Kf7 g6 43. Kg7 Ke2 44. Kxh7 Kxf2 45. Kxg6 Kxg2 46. h4 1-0

[Event "AUT-ch U12 Girls"]
[Site "St Veit"]
[Date "2019.06.10"]
[Round "5.1"]
[White "Katter, Marlene"]
[Black "Wielander, Magdalena"]
[Result "1-0"]
[WhiteElo "1473"]
[BlackElo "1018"]
[PlyCount "119"]
[EventDate "2019.06.08"]
[EventType "swiss"]
[EventRounds "7"]
[EventCountry "AUT"]
[SourceTitle "EXT 2024"]
[Source "ChessBase"]
[SourceDate "2023.10.10"]
[SourceVersion "1"]
[SourceVersionDate "2023.10.10"]
[SourceQuality "1"]

1. d4 d5 2. c4 c6 3. Nc3 Nf6 4. Bg5 Bf5 5. e3 Ne4 6. Nxe4 Bxe4 7. Nf3 f6 8. Bf4 e6 9. a3 Bd6 10. Bg3 Bxg3 11. hxg3 Nd7 12. Bd3 Bxd3 13. Qxd3 Nf8 14. Rc1 Qe7 15. cxd5 exd5 16. Nd2 0-0-0 17. b4 Qd7 18. b5 Kc7 19. Qc3 Rg8 20. Nb3 Re8 21. Na5 Re6 22. Rb1 Qc8 23. 0-0 Ng6 24. bxc6 b6 25. Nb3 Rxc6 26. Qd2 Kd6 27. Rfc1 Rxc1+ 28. Rxc1 Qd7 29. Qb4+ Ke6 30. Qc3 Ne7 31. Qd3 h6 32. Kf1 Rc8 33. Rc3 Rxc3 34. Qxc3 Qb5+ 35. Ke1 Qc4 36. Qxc4 dxc4 37. Nc1 Kd5 38. Kd2 a5 39. Na2 Nc6 40. a4 Na7 41. Nc3+ Kd6 42. e4 Nc6 43. Nb5+ Ke7 44. Kc3 Kf7 45. Kxc4 Nb8 46. Nd6+ Ke6 47. Nc8 Nd7 48. Kb5 f5 49. exf5+ Kxf5 50. Nxb6 Nxb6 51. Kxb6 Ke6 52. Kxa5 Kd7 53. Kb6 Kc8 54. a5 Kb8 55. d5 Kc8 56. a6 Kb8 57. d6 Kc8 58. a7 Kd7 59. a8Q Kxd6 60. Qd8+ 1-0

[Event "AUT-ch U12 Girls"]
[Site "St Veit"]
[Date "2019.06.10"]
[Round "6.2"]
[White "Wielander, Magdalena"]
[Black "Vu Tran, Tue Anh"]
[Result "0-1"]
[WhiteElo "1018"]
[BlackElo "1339"]
[PlyCount "94"]
[EventDate "2019.06.08"]
[EventType "swiss"]
[EventRounds "7"]
[EventCountry "AUT"]
[SourceTitle "EXT 2024"]
[Source "ChessBase"]
[SourceDate "2023.10.10"]
[SourceVersion "1"]
[SourceVersionDate "2023.10.10"]
[SourceQuality "1"]

1. e4 c6 2. d4 d5 3. exd5 cxd5 4. Bd3 Nc6 5. c3 Nf6 6. Bf4 e6 7. Nd2 Bd6 8. Bxd6 Qxd6 9. Ngf3 0-0 10. 0-0 Re8 11. Re1 e5 12. dxe5 Nxe5 13. Nxe5 Rxe5 14. Rxe5 Qxe5 15. Qe1 Qg5 16. Qe3 Qxe3 17. fxe3 Bd7 18. e4 Re8 19. Re1 dxe4 20. Nxe4 Nxe4 21. Bxe4 Bf5 22. b4 Rxe4 23. Rxe4 Bxe4 24. g3 f5 25. a3 Kf7 26. Kf2 Ke6 27. Ke3 Kd5 28. Kd2 b5 29. Kc1 Kc4 30. Kb2 Kd3 31. Kb3 Bd5+ 32. Kb2 Ke3 33. h3 Kf3 34. g4 fxg4 35. hxg4 Kxg4 36. a4 a6 37. c4 Bxc4 38. axb5 h5 39. b6 Bd5 40. Kc3 h4 41. Kd4 Bb7 42. Kc5 h3 43. Kd6 h2 44. Kc7 h1Q 45. Kb8 Qc6 46. b5 Qc8+ 47. Ka7 Qa8# 0-1

[Event "AUT-ch U12 Girls"]
[Site "St Veit"]
[Date "2019.06.09"]
[Round "3.4"]
[White "Wielander, Magdalena"]
[Black "Weingartner, Anna"]
[Result "1-0"]
[WhiteElo "1018"]
[BlackElo "888"]
[PlyCount "67"]
[EventDate "2019.06.08"]
[EventType "swiss"]
[EventRounds "7"]
[EventCountry "AUT"]
[SourceTitle "EXT 2024"]
[Source "ChessBase"]
[SourceDate "2023.10.10"]
[SourceVersion "1"]
[SourceVersionDate "2023.10.10"]
[SourceQuality "1"]

1. e4 g6 2. Nf3 Bg7 3. d4 d6 4. Nc3 Nf6 5. Bc4 0-0 6. Bg5 Nbd7 7. 0-0 e5 8. Re1 c6 9. Qd2 b5 10. Bf1 Qe8 11. d5 b4 12. Na4 Rb8 13. b3 cxd5 14. exd5 Bb7 15. Bc4 a5 16. Rad1 Nc5 17. Nxc5 dxc5 18. Nxe5 Qc8 19. Bf4 Ng4 20. Nxg4 Bc3 21. Qe2 Bxe1 22. Bxb8 Qxb8 23. Rxe1 Qd8 24. Rd1 Bc8 25. d6 Qg5 26. h3 h5 27. Qe5 Qf5 28. Nh6+ Kh7 29. Nxf5 Bxf5 30. d7 Rd8 31. Qe7 Rxd7 32. Rxd7 Bxd7 33. Qxf7+ Kh6 34. Qxd7 1-0

[Event "AUT-ch U12 Girls"]
[Site "St Kanzian"]
[Date "2018.05.19"]
[Round "1.8"]
[White "Vu Tran, Tue Anh"]
[Black "Wielander, Magdalena"]
[Result "1-0"]
[WhiteElo "1062"]
[BlackElo "819"]
[PlyCount "51"]
[EventDate "2018.05.19"]
[EventType "swiss"]
[EventRounds "7"]
[EventCountry "AUT"]
[SourceTitle "EXT 2024"]
[Source "ChessBase"]
[SourceDate "2023.10.10"]
[SourceVersion "1"]
[SourceVersionDate "2023.10.10"]
[SourceQuality "1"]

1. d4 d5 2. c4 e6 3. Nc3 Bb4 4. Nf3 Nf6 5. Bg5 Nc6 6. e3 Bd7 7. Bd3 0-0 8. 0-0 Bxc3 9. bxc3 Qe7 10. Ne5 Nxe5 11. dxe5 Qa3 12. exf6 Qxc3 13. fxg7 Qxg7 14. h4 h6 15. Bf4 Bc6 16. g3 dxc4 17. Bxc4 Qg6 18. Bd3 Rfd8 19. Bxg6 Rxd1 20. Bxf7+ Kxf7 21. Raxd1 Bf3 22. Rd7+ Ke8 23. Rxc7 Bd5 24. Rh7 Bxa2 25. Rh8+ Kd7 26. Rxa8 1-0